The Power of Positive Thinking/ (Record no. 206578)

MARC details
000 -LEADER
fixed length control field 00629nam a2200193 4500
005 - DATE AND TIME OF LATEST TRANSACTION
control field 20241022151620.0
010 ## - LCCN (DPL NO)
LC control number ENG-142265
020 ## - INTERNATIONAL STANDARD BOOK NUMBER
Terms of availability 495.00
International Standard Book Number 9789389990188
035 ## - SYSTEM CONTROL NUMBER
System control number EN-125797
037 ## - SOURCE OF ACQUISITION
Source of stock number/acquisition DBAD
082 ## - DEWEY DECIMAL CLASSIFICATION NUMBER
Classification number 158.1
100 ## - MAIN ENTRY--PERSONAL NAME
Personal name Peale, Norman Vincent
245 ## - TITLE STATEMENT
Title The Power of Positive Thinking/
Statement of responsibility, etc Norman Vincent Peale
250 ## - EDITION STATEMENT
Edition statement First
260 ## - PUBLICATION, DISTRIBUTION, ETC. (IMPRINT)
Place of publication, distribution, etc New Delhi
Name of publisher, distributor, etc The Reader Paradise
Date of publication, distribution, etc 2021
270 ## - ADDRESS
Address 103, 4787/23, Ansari Road, Darya Ganj
City New Delhi
Postal code 110002
Telephone number 09654444181
Electronic mail address thereadersparadisesales@gmail.com
300 ## - PHYSICAL DESCRIPTION
Extent 287p.
Dimensions 23cm(hb)
942 ## - ADDED ENTRY ELEMENTS (KOHA)
Source of classification or shelving scheme Dewey Decimal Classification
Item type English Books
Classification part 158.1
Call number suffix PEA
Edition First
Holdings
Withdrawn status Lost status Not for loan Collection code Home library Current library Date acquired Source of acquisition Cost, normal purchase price Full call number Barcode Copy number Cost, replacement price Koha item type
      Non-fiction Bawana Bawana 22/10/2024 DBAD 495.00 158.1 PEA EN-125798 1 495.00 English Books

© Delhi Public Library
Hit Counter
free hit counter